00389nam a2200121Ia 45000010005000000080041000050820021000461000065000672450066001322600028001989010026002269990015002521458241024s9999 xx 000 0 und d aRD/371.716/R426p aRepública Dominicana.Secretaría de Estado de Educación 0aPrograma Alimentación Escolar. Informe de Cobertura Escolar b[*SIN EDITORIAL*]c2008 a4/5/2011 2:20:21 p.m. c8794d8794